Viajando de País a País! #2 - Estadísticas

Estadísticas generales
  • Esta prueba ha sido intentada 73 veces
  • La puntuación promedio es 19 de 21
Estadísticas de respuestas
MOLDAVIA % Correcto
China
98%
España
97%
Marruecos
97%
Corea del Norte
95%
Francia
95%
Rusia
95%
Rusia
95%
Indonesia
94%
Ucrania
94%
Argelia
92%
Tailandia
90%
Israel
89%
Libia
89%
Malasia
89%
Jordania
87%
Sudán
87%
Etiopía
86%
Irak
86%
Irán
86%
Laos
84%
Azerbaiyan
76%
No se encontraron pruebas coincidentes
Distribución de puntuación
Porcentaje de gente con cada puntuación
Porcentaje por número respondido
Historial de tus puntuaciones
No has intentado esta prueba.